| 000 | 00396nam a2200133Ia 4500 | ||
|---|---|---|---|
| 008 | 170516s9999 xx 000 0 und d | ||
| 245 | _aCubital tunnel syndrome: A report of two cases | ||
| 260 | _bSouth African Journal of Radiology | ||
| 260 | _c2012 | ||
| 300 | _a16:2 | ||
| 650 | _xRadiologic Technology | ||
| 650 | _xRadtech | ||
| 856 | _uhttp://www.sajr.org.za/index.php/sajr/issue/view/25 | ||
| 999 |
_c332307 _d332307 |
||